[Event "GRE-chT 50th"]
[Site "Nikaia"]
[Date "2023.08.30"]
[Round "7.6"]
[White "Kouta, Antonia"]
[Black "Tsekoura, Vaia"]
[Result "0-1"]
[WhiteElo "1705"]
[BlackElo "1769"]
[PlyCount "86"]
[EventDate "2023.08.25"]
[EventType "team"]
[EventRounds "9"]
[EventCountry "GRE"]
[SourceTitle "EXT 2024"]
[Source "ChessBase"]
[SourceDate "2023.10.10"]
[SourceVersion "1"]
[SourceVersionDate "2023.10.10"]
[SourceQuality "1"]
[WhiteTeam "Irakleiou Attikis"]
[BlackTeam "Ames Neas Erythreas"]
[WhiteTeamCountry "GRE"]
[BlackTeamCountry "GRE"]

1. e4 c5 2. c4 Nc6 3. Ne2 g6 4. d3 Bg7 5. Nbc3 e6 6. g3 Nge7 7. Bg2 0-0 8. Rb1 b6 9. a3 Bb7 10. b4 Rb8 11. bxc5 bxc5 12. Na4 d6 13. 0-0 Qc7 14. Bf4 e5 15. Be3 f5 16. Bg5 Nd4 17. Nxd4 cxd4 18. c5 fxe4 19. dxe4 Ba6 20. Re1 dxc5 21. Qc2 c4 22. Bf1 Rxb1 23. Rxb1 Nc8 24. Bd2 Rd8 25. Bb4 Bf8 26. Rc1 Bxb4 27. axb4 Nd6 28. Nc5 Bb5 29. Ne6 Qe7 30. Nxd8 Qxd8 31. Qa2 Qc7 32. f3 a6 33. Qa5 Qxa5 34. bxa5 c3 35. Bxb5 Nxb5 36. Kf2 d3 37. Rxc3 Nxc3 38. Ke3 Nb5 39. Kxd3 Nd6 40. Kc3 g5 41. h3 Kf7 42. Kb4 Nb7 43. Ka4 Ke6 0-1

[Event "GRE-chT 50th"]
[Site "Nikaia"]
[Date "2023.08.26"]
[Round "3.6"]
[White "Kiousi, Panagiota"]
[Black "Kouta, Antonia"]
[Result "1-0"]
[WhiteElo "1834"]
[BlackElo "1705"]
[PlyCount "93"]
[EventDate "2023.08.25"]
[EventType "team"]
[EventRounds "9"]
[EventCountry "GRE"]
[SourceTitle "EXT 2024"]
[Source "ChessBase"]
[SourceDate "2023.10.10"]
[SourceVersion "1"]
[SourceVersionDate "2023.10.10"]
[SourceQuality "1"]
[WhiteTeam "Phisiolatris"]
[BlackTeam "Irakleiou Attikis"]
[WhiteTeamCountry "GRE"]
[BlackTeamCountry "GRE"]

1. d4 Nf6 2. c4 e6 3. Nc3 Bb4 4. e3 b6 5. Bd2 Bb7 6. Nf3 a5 7. Bd3 Bxc3 8. Bxc3 Ne4 9. Qc2 Nxc3 10. Qxc3 Qf6 11. Nd2 0-0 12. 0-0 Qh4 13. e4 d6 14. Rae1 Nd7 15. Re3 e5 16. d5 Bc8 17. Rfe1 Nf6 18. g3 Qh6 19. f3 Qg5 20. Nf1 Bh3 21. Qd2 Nh5 22. Kh1 Qh6 23. R3e2 g5 24. Kg1 Qg6 25. Ne3 Bd7 26. Rf2 Kg7 27. Kf1 Nf6 28. Ke2 Qh5 29. Kd1 Qg6 30. Kc1 Rfb8 31. Qc2 a4 32. f4 Ng8 33. fxg5 Qxg5 34. h4 Qh6 35. Kb1 Ne7 36. Rh2 Ra5 37. g4 Kf8 38. g5 Qg7 39. Nf5 Nxf5 40. exf5 f6 41. Rg2 Ke7 42. Reg1 Rf8 43. h5 h6 44. gxf6+ Qxf6 45. Rg6 Qh8 46. Qd2 Bxf5 47. Rg7+ 1-0

[Event "GRE-chT 49th"]
[Site "Thessaloniki"]
[Date "2022.08.16"]
[Round "6.7"]
[White "Kouta, Antonia"]
[Black "Chatzipanagiotou, Asimenia"]
[Result "1-0"]
[WhiteElo "1689"]
[BlackElo "1527"]
[PlyCount "59"]
[EventDate "2022.08.12"]
[EventType "team-swiss"]
[EventRounds "7"]
[EventCountry "GRE"]
[SourceTitle "CBM 209 Extra"]
[Source "ChessBase"]
[SourceDate "2022.09.30"]
[SourceVersion "1"]
[SourceVersionDate "2022.09.30"]
[SourceQuality "1"]
[WhiteTeam "Erakleioe Attikes"]
[BlackTeam "Chania Kethon"]
[WhiteTeamCountry "GRE"]
[BlackTeamCountry "GRE"]

1. e4 c5 2. Nf3 e6 3. d3 Nc6 4. g3 d5 5. Qe2 dxe4 6. dxe4 Nf6 7. e5 Nd5 8. c4 Qa5+ 9. Bd2 Ndb4 10. Na3 Nd4 11. Nxd4 cxd4 12. Bg2 Qxe5 13. Qxe5 Nd3+ 14. Ke2 Nxe5 15. Nb5 Kd8 16. Ba5+ Kd7 17. Rhd1 d3+ 18. Ke1 a6 19. Na3 Bxa3 20. bxa3 Nxc4 21. Rxd3+ Ke7 22. Bb4+ Kf6 23. Rc1 Nb6 24. Rc7 a5 25. Bc3+ Kg6 26. Be4+ Kh6 27. Rxf7 Rg8 28. Bd2+ Kh5 29. Bxh7 Rh8 30. Rxg7 1-0

[Event "Ambelokipi op 175th"]
[Site "Athens"]
[Date "2020.02.19"]
[Round "6"]
[White "Kouta, Antonia"]
[Black "Vazelakis, Dimitrios"]
[Result "1-0"]
[WhiteElo "1808"]
[BlackElo "1705"]
[PlyCount "55"]
[EventDate "2020.01.15"]
[EventType "swiss"]
[EventRounds "7"]
[EventCountry "GRE"]
[SourceTitle "EXT 2021"]
[Source "ChessBase"]
[SourceDate "2020.10.23"]
[SourceVersion "1"]
[SourceVersionDate "2020.10.23"]
[SourceQuality "1"]

1. e4 e6 2. d4 d5 3. Nd2 Be7 4. Ngf3 Nf6 5. e5 Nfd7 6. Bd3 c5 7. c3 b6 8. Qe2 a5 9. a4 Na6 10. 0-0 Nc7 11. Ne1 Ba6 12. Qg4 0-0 13. f4 Bxd3 14. Nxd3 cxd4 15. cxd4 f5 16. exf6 Bxf6 17. Nf3 Qe8 18. Nde5 Nxe5 19. fxe5 Be7 20. Bh6 Qg6 21. Qxg6 hxg6 22. Bg5 Rxf3 23. Bxe7 Rb3 24. Rac1 Na6 25. Ba3 Nb4 26. Rc7 Rf8 27. Rxf8+ Kxf8 28. Rc3 1-0

[Event "EU-ch U18 Girls"]
[Site "Bratislava"]
[Date "2019.08.09"]
[Round "8"]
[White "Sankova, Stella"]
[Black "Kouta, Antonia"]
[Result "0-1"]
[WhiteElo "2048"]
[BlackElo "1785"]
[PlyCount "40"]
[EventDate "2019.08.02"]
[EventType "swiss"]
[EventRounds "9"]
[EventCountry "SVK"]
[SourceTitle "CBM 191 Extra"]
[Source "ChessBase"]
[SourceDate "2019.09.30"]
[SourceVersion "1"]
[SourceVersionDate "2019.09.30"]
[SourceQuality "1"]

1. e4 c5 2. Nc3 d6 3. f4 g6 4. Nf3 Bg7 5. Bb5+ Bd7 6. Bc4 Nc6 7. 0-0 Nd4 8. Nxd4 cxd4 9. Ne2 d5 10. Bxd5 Nf6 11. Bxb7 Rb8 12. Ba6 Nxe4 13. d3 Nd6 14. b3 0-0 15. Ng3 h5 16. Ba3 h4 17. Bxd6 exd6 18. Nh1 d5 19. Qe1 Re8 20. Qf2 Rb6 0-1

[Event "Wch U14 Girls"]
[Site "Porto Carras"]
[Date "2018.10.24"]
[Round "6"]
[White "Kouta, Antonia"]
[Black "Ruzic, Pia Marie"]
[Result "1-0"]
[WhiteElo "1812"]
[BlackElo "1691"]
[PlyCount "89"]
[EventDate "2018.10.20"]
[EventType "swiss"]
[EventRounds "11"]
[EventCountry "GRE"]
[SourceTitle "CBM 187 Extra"]
[Source "ChessBase"]
[SourceDate "2018.11.04"]
[SourceVersion "1"]
[SourceVersionDate "2018.11.04"]
[SourceQuality "1"]

1. e4 e6 2. d4 d5 3. Nd2 dxe4 4. Nxe4 Nd7 5. Bd3 Ngf6 6. Qe2 c5 7. Nxf6+ Nxf6 8. dxc5 Bxc5 9. Nf3 0-0 10. Bg5 Be7 11. 0-0-0 Qc7 12. Kb1 a5 13. h4 a4 14. a3 Bd7 15. Ne5 Bc6 16. Rh3 Ra5 17. Re1 Nd5 18. Bd2 Raa8 19. Rg3 Kh8 20. Qh5 Nf6 21. Qg5 Ne8 22. Qe3 Rb8 23. Qe2 Nf6 24. Bc3 b5 25. Ng4 Qd8 26. Ne5 Qc7 27. Qd2 Nd5 28. Nxc6 Nxc3+ 29. Qxc3 Bf6 30. Ne5 Qxc3 31. bxc3 Rfc8 32. Bf1 Rb7 33. Kb2 Rbc7 34. Bxb5 Rb8 35. c4 Rxc4 36. Kc1 Rc5 37. Nd7 Rcxb5 38. Nxb8 Rxb8 39. Re4 g6 40. Rxa4 Rb5 41. Rgg4 Bc3 42. Rgc4 Bb2+ 43. Kd2 Rf5 44. f3 Kg7 45. c3 1-0

[Event "Wch U14 Girls"]
[Site "Porto Carras"]
[Date "2018.10.21"]
[Round "2"]
[White "Dylag, Emilia"]
[Black "Kouta, Antonia"]
[Result "1-0"]
[WhiteElo "2059"]
[BlackElo "1812"]
[PlyCount "49"]
[EventDate "2018.10.20"]
[EventType "swiss"]
[EventRounds "11"]
[EventCountry "GRE"]
[SourceTitle "CBM 187 Extra"]
[Source "ChessBase"]
[SourceDate "2018.11.04"]
[SourceVersion "1"]
[SourceVersionDate "2018.11.04"]
[SourceQuality "1"]

1. Nf3 Nf6 2. g3 b5 3. Bg2 Bb7 4. d3 e6 5. 0-0 Be7 6. e4 d6 7. Nc3 b4 8. Ne2 0-0 9. h3 Nbd7 10. g4 c5 11. Ng3 Qc7 12. Re1 Ne5 13. Nh2 Nc6 14. f4 e5 15. f5 h6 16. g5 hxg5 17. Bxg5 Nh7 18. Be3 Qd8 19. Nh5 Bg5 20. Qg4 Bf6 21. Bh6 g6 22. fxg6 Bc8 23. Qg3 fxg6 24. Qxg6+ Kh8 25. Bg7+ 1-0

[Event "Wch U14 Girls"]
[Site "Porto Carras"]
[Date "2018.10.21"]
[Round "3"]
[White "Kouta, Antonia"]
[Black "Arauco Celestino, Arianna Sofia"]
[Result "0-1"]
[WhiteElo "1812"]
[BlackElo "1610"]
[PlyCount "104"]
[EventDate "2018.10.20"]
[EventType "swiss"]
[EventRounds "11"]
[EventCountry "GRE"]
[SourceTitle "CBM 187 Extra"]
[Source "ChessBase"]
[SourceDate "2018.11.04"]
[SourceVersion "1"]
[SourceVersionDate "2018.11.04"]
[SourceQuality "1"]

1. e4 c5 2. Nf3 Nc6 3. d4 cxd4 4. Nxd4 Qb6 5. Nb3 Nf6 6. Nc3 e6 7. a3 Be7 8. Be3 Qd8 9. f4 d6 10. Be2 0-0 11. 0-0 a6 12. Qe1 b5 13. Bf3 Bb7 14. Qf2 Nd7 15. Rad1 Na5 16. Nd4 Nc4 17. Bc1 Rc8 18. Kh1 Nxa3 19. bxa3 Rxc3 20. Bb2 Rc4 21. Rfe1 Bh4 22. g3 Bf6 23. c3 Qa8 24. Qg2 Nc5 25. e5 Rxd4 26. Bxb7 Rxd1 27. Rxd1 Qxb7 28. exf6 Qxg2+ 29. Kxg2 Na4 30. fxg7 Rc8 31. Ba1 d5 32. Rd3 Rc4 33. Kf3 Kxg7 34. g4 Kg6 35. h4 h5 36. f5+ Kf6 37. gxh5 Rxh4 38. c4+ Kxf5 39. cxd5 Rh3+ 40. Ke2 Rxd3 41. Kxd3 exd5 42. Kd4 Nb6 43. Kc5 Nc4 44. a4 bxa4 45. Kxd5 Na3 46. Bc3 Nb5 47. Ba1 a3 48. Kc5 Kg5 49. Kb6 a2 50. Bb2 Na3 51. Kxa6 Nc2 52. h6 Kxh6 0-1

[Event "GRE-chT 46th"]
[Site "Rio Achaia"]
[Date "2018.07.12"]
[Round "4.10"]
[White "Chatziioannidi, Filippa"]
[Black "Kouta, Antonia"]
[Result "1/2-1/2"]
[WhiteElo "1592"]
[BlackElo "1703"]
[PlyCount "103"]
[EventDate "2018.07.10"]
[EventType "team"]
[EventRounds "7"]
[EventCountry "GRE"]
[SourceTitle "CBM 185 Extra"]
[Source "ChessBase"]
[SourceDate "2018.07.29"]
[SourceVersion "1"]
[SourceVersionDate "2018.07.29"]
[SourceQuality "1"]
[WhiteTeam "Pefkis"]
[BlackTeam "3 Stars 89"]
[WhiteTeamCountry "GRE"]
[BlackTeamCountry "GRE"]

1. e4 c5 2. Nf3 d6 3. d4 cxd4 4. Nxd4 Nf6 5. Nc3 a6 6. Be3 b5 7. f3 Bb7 8. Qd2 e6 9. g4 h6 10. h4 Nbd7 11. 0-0-0 b4 12. Nce2 Qc7 13. Kb1 Ne5 14. Qxb4 Ned7 15. Qc3 Rc8 16. Qxc7 Rxc7 17. Nc3 d5 18. exd5 Nxd5 19. Nxd5 Bxd5 20. Bxa6 Bxa2+ 21. Kxa2 Ra7 22. b3 Rxa6+ 23. Kb2 Ba3+ 24. Kc3 0-0 25. Kd2 Bb4+ 26. Ke2 Ra2 27. Bd2 Bc5 28. c3 Rfa8 29. Rb1 Bb6 30. b4 Ne5 31. Nb3 Nc4 32. Ra1 Kf8 33. Kd3 Ne5+ 34. Ke4 Nc4 35. Bf4 R8a3 36. Rxa2 Rxa2 37. Nc5 Ke7 38. Rd1 Ra7 39. Rd4 Nb2 40. Bd6+ Ke8 41. Bg3 Ra1 42. Rd2 Nc4 43. Rc2 Na3 44. Re2 Nb5 45. c4 Nc3+ 46. Kd3 Nxe2 47. Kxe2 Ra3 48. Nd3 f6 49. c5 Ba7 50. Bc7 Kd7 51. Bd6 g6 52. Kd2 1/2-1/2

[Event "GRE-chT 46th"]
[Site "Rio Achaia"]
[Date "2018.07.11"]
[Round "2.4"]
[White "Karavitaki, Evaggelia"]
[Black "Kouta, Antonia"]
[Result "1-0"]
[WhiteElo "1723"]
[BlackElo "1703"]
[PlyCount "129"]
[EventDate "2018.07.10"]
[EventType "team"]
[EventRounds "7"]
[EventCountry "GRE"]
[SourceTitle "CBM 185 Extra"]
[Source "ChessBase"]
[SourceDate "2018.07.29"]
[SourceVersion "1"]
[SourceVersionDate "2018.07.29"]
[SourceQuality "1"]
[WhiteTeam "Chania"]
[BlackTeam "3 Stars 89"]
[WhiteTeamCountry "GRE"]
[BlackTeamCountry "GRE"]

1. e4 c5 2. Nf3 e6 3. d4 cxd4 4. Nxd4 Nf6 5. Nc3 d6 6. Be2 a6 7. 0-0 Nbd7 8. f4 b5 9. a3 Bb7 10. Bd3 Be7 11. Kh1 h5 12. Qe2 Qc7 13. Nf3 Ng4 14. Bd2 Rc8 15. Rae1 Nc5 16. Nd4 Bh4 17. Rd1 Bf6 18. Nf3 Nxd3 19. cxd3 Qb6 20. Rde1 0-0 21. h3 Nh6 22. Be3 Qd8 23. d4 Be7 24. Qf2 a5 25. Ng5 b4 26. axb4 axb4 27. Ne2 Rc2 28. Qf3 g6 29. Qg3 Kg7 30. f5 exf5 31. exf5 Bc8 32. Nxf7 Nxf5 33. Rxf5 Rxf7 34. Bh6+ Kxh6 35. Rxf7 Bh4 36. Qe3+ Bg5 37. Nf4 Qg8 38. Qe8 Qxe8 39. Rxe8 Bxf4 40. Rxf4 Bb7 41. Kg1 Rxg2+ 42. Kf1 Kg5 43. Rf2 Rg3 44. Rh2 Kf6 45. h4 Kf7 46. Rb8 Ba6+ 47. Kf2 Rb3 48. Ke1 Ke6 49. Rb6 Bc4 50. Rg2 Re3+ 51. Kf2 Re2+ 52. Kg1 Rxg2+ 53. Kxg2 b3 54. Kf3 Kd5 55. Ke3 Ke6 56. Ke4 Bd5+ 57. Kf4 Bc4 58. Kg5 Kd5 59. Kxg6 Kxd4 60. Rxd6+ Ke5 61. Rd2 Be6 62. Kxh5 Kf6 63. Rd6 Ke7 64. Rxe6+ Kxe6 65. Kg6 1-0